000 01496nam a2200253Ia 4500
003 OSt
005 20210723152434.0
008 210310s2002 ck ad gr 000 0 spa d
020 _a9583341339 tomo I.
020 _a9583341379 tono II.
020 _a9583341320 obra completa
040 _aCO-JMCR
_cCO-JMCR
041 0 _aspa
082 0 4 _223
_a332.109861 /
_bA837s
110 2 _aAsociación Nacional de Instituciones Financieras
_9960
245 1 3 _aEl sector financiero de cara al siglo XXI /
_cAsociación Nacional de Instituciones Financieras
260 _aColombia :
_bANIF,
_c2002
300 _a2 volúmenes :
_bilustraciones y gráficas en blanco y negro ;
_c24 cm.
501 _aCon: notas a pie de pagina.
505 0 _gv.1 /
_tLa evolución del sistema financiero colombiano entre 1923 y 1950. -- Principales características de la evolución del sistema financiero. -- La evolución del sistema financiero entre 1985 y 2001. -- El sistema de ahorro y vivienda y las CAVS.
_gv.2 /
_tDescripción de situación actual. -- Elementos económicos, jurídicos e institucionales que subyacen en la alta demanda por juicios ejecutivos. -- El tramite judicial y los costos de los procesos ejecutivos. -- Reformas procesales y de gestión a los juicios ejecutivos. -- Mecanismos no judiciales para hacer frente al incumplimiento de obligaciones financieras.
650 1 4 _aSistema financiero
_zColombia.
_927009
650 2 4 _aLegislación financiera
_zColombia.
_938681
942 _2ddc
_cBK
999 _c11997
_d11997